| 000 | 00707cam a22001811 4500 | ||
|---|---|---|---|
| 082 |
_a621.3848 _bRAD _cL-11 P-27 |
||
| 100 | 1 |
_aCady, Willoughby Miller, _941670 |
|
| 245 | 1 | 0 |
_aRadar scanners and radomes, _ced. by W. M. Cady, M. B. Karelitz [and] Louis A. Turner [under the supervision of the] Office of Scientific Research and Development, National Defense Research Committee. |
| 250 | _a1st ed. | ||
| 260 |
_aNew York, _bMcGraw-Hill Book Co., _c1948. |
||
| 300 |
_axvi, 491 p. _billus. _c24 cm. |
||
| 526 |
_a0 _b0 _c0 _d621_384800000000000_RAD |
||
| 650 | 0 |
_aMCE _9379 |
|
| 650 | 0 |
_aRadar. _928728 |
|
| 700 | 1 |
_aKarelitz, Micheal B., _941671 |
|
| 700 | 1 |
_aTurner, Louis Alexander, _941672 |
|
| 942 |
_2ddc _cBK |
||
| 999 |
_c545715 _d545715 |
||